[Event "Winter Server Series, S02006"]
[Site "CCLA"]
[Date "2020.02.25"]
[Round "?"]
[White "Smiley, William R."]
[Black "Nurmi, Ronald"]
[Result "0-1"]
[WhiteElo "1567"]
[BlackElo "1490"]

1. e4 e5 2. f4 exf4 3. Nf3 g5 4. h4 g4 5. Ne5 Nf6 6. d4 d6 7. Nd3 Nxe4 8. 
Bxf4 Bg7 9. c3 O-O 10. Nd2 Re8 11. Nxe4 Rxe4+ 12. Kf2 c5 13. dxc5 dxc5 14.
 g3 Qb6 15. Kg2 Nc6 16. Kh2 h5 17. Bg2 Re8 18. Bc1 Bf5 19. Nf4 Rad8 20. 
Qg1 Ne5 21. Qf2 Nf3+ 22. Bxf3 gxf3 23. Be3 Rxe3 24. g4 c4 0-1

[Event "Winter Server Series, S02006"]
[Site "CCLA"]
[Date "2020.02.25"]
[Round "?"]
[White "Smiley, William R."]
[Black "Williams, Rufus H."]
[Result "1-0"]
[WhiteElo "1567"]
[BlackElo "1262"]

1. e4 e6 2. d4 d5 3. Nc3 c5 4. Nf3 Nc6 5. Bb5 Be7 6. Be3 Nf6 7. Ne5 O-O 8.
 Bxc6 bxc6 9. Nxc6 Qd7 10. Nxe7+ Qxe7 11. e5 Ne4 12. Nxe4 dxe4 13. dxc5 
Ba6 14. Qg4 Rab8 15. Bd4 Bb7 16. b4 Bd5 17. a3 a6 18. O-O Qd7 19. Be3 Bc6 
20. Rad1 Qe7 21. Rd6 Bb5 22. Rfd1 Rbc8 23. Bh6 g6 24. Bxf8 Kxf8 25. Qxe4 
Rb8 26. Qf4 Kg7 27. c4 Ba4 28. R1d3 h6 29. Rxa6 Be8 30. Qf6+ Qxf6 31. 
exf6+ Kf8 32. Rad6 Ra8 33. Rd8 1-0

[Event "Winter Server Series, S02006"]
[Site "CCLA"]
[Date "2020.02.25"]
[Round "?"]
[White "Nurmi, Ronald"]
[Black "Graupera, Carlos"]
[Result "1-0"]
[WhiteElo "1490"]
[BlackElo "1447"]

1. d4 d5 2. Bf4 Nf6 3. e3 b6 4. Nf3 Bb7 5. Nbd2 Nbd7 6. Bd3 e6 7. O-O Be7 
8. c3 O-O 9. Ne5 c5 10. Qf3 Nxe5 11. dxe5 Nd7 12. Qh3 g6 13. Bh6 Re8 14. 
f4 f6 15. Qxe6+ Kh8 16. Rf3 Bf8 17. Qh3 Bxh6 18. Qxh6 f5 19. Rff1 Qe7 20. 
Nf3 Qg7 21. Qh4 c4 22. Bc2 Nc5 23. Nd4 Ne4 24. Rfd1 g5 25. Nxf5 gxh4 26. 
Nxg7 Kxg7 27. Bxe4 1-0

[Event "Winter Server Series, S02006"]
[Site "CCLA"]
[Date "2020.02.25"]
[Round "?"]
[White "Nurmi, Ronald"]
[Black "Smiley, William R."]
[Result "0-1"]
[WhiteElo "1490"]
[BlackElo "1567"]

1. d4 d5 2. Nf3 c6 3. c4 Nf6 4. Nc3 dxc4 5. a4 Bg4 6. Ne5 Bh5 7. f3 Nbd7 
8. Nxc4 e6 9. e4 b5 10. Ne3 b4 11. Na2 a5 12. Be2 Be7 13. O-O O-O 14. b3 
c5 15. Bb2 h6 16. Nc1 cxd4 17. Bxd4 e5 18. Bb2 Bc5 19. Qd2 Qb6 20. Kf2 
Rad8 21. Nd3 Bd4 22. Rab1 Bg6 23. Rfc1 Bxe4 24. Bxd4 exd4 25. Nc4 Qa6 26. 
Rb2 Bg6 27. Nde5 Nxe5 28. Nxe5 Qd6 29. Nxg6 fxg6 30. Bc4+ Kh8 31. Kg1 Nd7 
32. Re1 Nc5 33. g3 Rxf3 34. Re2 Rdf8 35. Rb1 Qf6 36. Ree1 Rf2 37. Qe3 dxe3
0-1

[Event "Winter Server Series, S02006"]
[Site "CCLA"]
[Date "2020.02.25"]
[Round "?"]
[White "Nurmi, Ronald"]
[Black "Williams, Rufus H."]
[Result "1-0"]
[WhiteElo "1490"]
[BlackElo "1262"]

1. d4 d5 2. Bf4 Bf5 3. e3 e6 4. c4 Bb4+ 5. Nc3 Nf6 6. Qb3 Nc6 7. a3 Bxc3+ 
8. bxc3 Rb8 9. Nf3 O-O 10. Be2 Ne4 11. cxd5 exd5 12. O-O Re8 13. Rac1 Re6 
14. Rfd1 Rg6 15. Nh4 Qxh4 16. g3 Qd8 17. Bf3 Qe8 18. Qxd5 Nf6 19. Qc4 Be4 
20. Bxe4 Qxe4 21. Bxc7 Rc8 22. Be5 Qf3 23. Rf1 Ne4 24. Rc2 Rh6 25. d5 Rh5 
26. dxc6 bxc6 27. Qd4 Qg4 28. f3 Qg5 29. f4 Qf5 30. Qxa7 Nxg3 31. Rff2 Qe4
32. Rg2 Nf5 33. Rcd2 Qb1+ 34. Kf2 Rh3 35. Qd7 Rf3+ 36. Kxf3 1-0

[Event "Winter Server Series, S02006"]
[Site "CCLA"]
[Date "2020.02.25"]
[Round "?"]
[White "Williams, Rufus H."]
[Black "Graupera, Carlos"]
[Result "1-0"]
[WhiteElo "1262"]
[BlackElo "1447"]

1. d4 Nf6 2. Nf3 e6 3. c4 b6 4. Nc3 Bb7 5. Bf4 Be7 6. e3 d6 7. Bd3 Nbd7 8.
 Qc2 c5 9. O-O-O d5 10. h3 O-O 11. Rhg1 cxd4 12. exd4 dxc4 13. Bxc4 Rc8 
14. Bd3 h6 15. Ne5 Nd5 16. Bd2 Nxc3 17. Bxc3 Qc7 18. f4 Nxe5 19. fxe5 Rfd8
20. Bh7+ Kh8 21. Rgf1 Bg5+ 22. Kb1 b5 23. Rf2 a5 24. a3 g6 25. Bxg6 fxg6 
26. Qxg6 Qh7 27. Qxh7+ 1-0

[Event "Winter Server Series, S02006"]
[Site "CCLA"]
[Date "2020.02.25"]
[Round "?"]
[White "Williams, Rufus H."]
[Black "Smiley, William R."]
[Result "0-1"]
[WhiteElo "1262"]
[BlackElo "1567"]

1. d4 d5 2. c4 c6 3. cxd5 cxd5 4. Nf3 Nf6 5. Nc3 e6 6. Bf4 a6 7. a4 Bb4 8.
 Qc2 Qa5 9. Bd2 O-O 10. e3 Nbd7 11. Bd3 Nb6 12. Ng5 h6 13. Nh7 Nxh7 14. 
Bxh7+ Kh8 15. O-O f5 16. Bg6 Bd7 17. Bh5 Rac8 18. f4 Nc4 19. Kh1 Rc7 20. 
g4 Nxd2 21. Qxd2 Bxc3 22. bxc3 Rxc3 23. Qb2 Qc7 24. g5 Rc2 25. Qb1 hxg5 
26. fxg5 Qxh2# 0-1

[Event "Winter Server Series, S02006"]
[Site "CCLA"]
[Date "2020.02.25"]
[Round "?"]
[White "Williams, Rufus H."]
[Black "Nurmi, Ronald"]
[Result "0-1"]
[WhiteElo "1262"]
[BlackElo "1490"]

1. d4 d5 2. c4 c6 3. cxd5 cxd5 4. Nf3 Nf6 5. Nc3 Nc6 6. Bf4 Nh5 7. Bg3 
Nxg3 8. hxg3 e6 9. a3 g6 10. e3 Bg7 11. Qc2 O-O 12. Bd3 e5 13. O-O-O e4 
14. Bxe4 dxe4 15. Qxe4 Bf5 16. Qh4 Qxh4 17. Rxh4 a6 18. Rdh1 h6 19. e4 Bd7
20. Rd1 b5 21. Nd5 Be6 22. Kb1 Bxd5 23. exd5 Ne7 24. d6 Nf5 25. Re4 Nxd6 
26. Re7 Rfe8 27. Rd7 Ne4 28. d5 Nxf2 29. Rc1 Nd3 30. Rcc7 Rf8 31. Ra7 Nxb2
32. Rxa8 Rxa8 33. Rc7 Nc4 34. Ka2 Bf6 0-1

[Event "Winter Server Series, S02006"]
[Site "CCLA"]
[Date "2020.02.25"]
[Round "?"]
[White "Graupera, Carlos"]
[Black "Smiley, William R."]
[Result "0-1"]
[WhiteElo "1447"]
[BlackElo "1567"]

1. e4 e5 2. Nf3 Nc6 3. Bc4 Bc5 4. c3 Nf6 5. d3 d6 6. Nbd2 O-O 7. Nf1 Bg4 
8. Ng3 h6 9. h3 Be6 10. Bb3 Bb6 11. O-O Ne7 12. d4 Ng6 13. Bc2 c6 14. Re1 
Qc7 15. Be3 Rad8 {White forfeits} 0-1

[Event "Winter Server Series, S02006"]
[Site "CCLA"]
[Date "2020.02.25"]
[Round "?"]
[White "Smiley, William R."]
[Black "Graupera, Carlos"]
[Result "1-0"]
[WhiteElo "1567"]
[BlackElo "1447"]

1. e4 d5 2. exd5 Nf6 3. d4 Bg4 4. f3 Bf5 5. Bb5+ Nbd7 6. Ne2 Nxd5 7. c3 c6
8. Bd3 Bxd3 9. Qxd3 e5 10. dxe5 Nxe5 11. Qc2 Bd6 12. Qe4 Qc7 13. f4 Nxf4 
14. Bxf4 O-O 15. Bxe5 Bxe5 16. Qh4 Qb6 17. b3 Bf6 18. Qf2 {Black forfeits} 
1-0

[Event "Winter Server Series, S02006"]
[Site "CCLA"]
[Date "2020.02.25"]
[Round "?"]
[White "Graupera, Carlos"]
[Black "Williams, Rufus H."]
[Result "0-1"]
[WhiteElo "1447"]
[BlackElo "1262"]

1. e4 e6 2. d4 d5 3. e5 c5 4. c3 Nc6 5. Nf3 cxd4 6. cxd4 Bb4+ 7. Nc3 Nge7 
8. a3 Ba5 9. Bd3 Bd7 10. O-O O-O 11. Bd2 a6 12. Rc1 Qb6 13. b4 Bxb4 14. 
axb4 Nxb4 15. Bb1 Nf5 16. Bxf5 exf5 17. Rb1 a5 {White forfeits} 0-1

[Event "Winter Server Series, S02007"]
[Site "CCLA"]
[Date "2020.02.25"]
[Round "?"]
[White "Sanchez, David A."]
[Black "Acosta, Errol"]
[Result "1-0"]
[WhiteElo "1477"]
[BlackElo "1409"]

1. e4 e6 2. Qe2 c5 3. Nf3 Nc6 4. g3 g6 5. Bg2 Bg7 6. O-O Nge7 7. d3 O-O 8.
 c3 d6 9. Rd1 h6 10. Be3 Kh7 11. d4 cxd4 12. Nxd4 e5 13. Nb5 d5 14. exd5 
Nb8 15. d6 Nec6 16. Nc7 Be6 17. Nxa8 Na6 18. Bxc6 bxc6 19. Qxa6 Qxa8 20. 
Qxa7 Qd8 21. Qc5 Bd5 22. Rxd5 cxd5 23. Qxd5 Qd7 24. Nd2 Rd8 25. Nc4 g5 26.
 Rd1 f5 27. Nxe5 Qe8 28. d7 Qe7 29. Nc6 1-0

[Event "Winter Server Series, S02007"]
[Site "CCLA"]
[Date "2020.02.25"]
[Round "?"]
[White "Sanchez, David A."]
[Black "Williams, Rufus H."]
[Result "1-0"]
[WhiteElo "1477"]
[BlackElo "1278"]

1. e4 e6 2. Qe2 Bc5 3. Nf3 d5 4. Qb5+ Nc6 5. Qxc5 Nge7 6. exd5 Qxd5 7. 
Qxd5 Nxd5 8. d4 a6 9. Bd2 O-O 10. Bd3 b5 11. Nc3 Re8 12. O-O Bb7 13. Rfe1 
Rad8 14. Re2 Ncb4 15. Be4 Bc6 16. a3 Nxc2 17. Bxc2 Bb7 18. Rae1 Bc6 19. h4
h6 20. g4 Bb7 21. h5 Nxc3 22. bxc3 Bxf3 23. Re3 Bxg4 24. Bd1 Bxd1 25. Rxd1
Rd5 26. Rh3 c6 27. Kh2 Rf5 28. Rg1 Kh7 29. Be3 e5 30. dxe5 Rexe5 31. Bd4 
Re8 32. Rxg7+ Kh8 33. Rxf7+ Kg8 34. Rxf5 a5 35. Rg3+ 1-0

[Event "Winter Server Series, S02007"]
[Site "CCLA"]
[Date "2020.02.25"]
[Round "?"]
[White "Sanchez, David A."]
[Black "Jimenez, Jose"]
[Result "1-0"]
[WhiteElo "1477"]
[BlackElo "1140"]

1. d4 d5 2. c4 Nf6 3. Nf3 e6 4. g3 dxc4 5. Qa4+ Nc6 6. Qxc4 Nd5 7. Bd2 Bd6
8. Bg2 f6 9. Nc3 Na5 10. Qa4+ Nc6 11. e4 Nb4 12. Bf1 a6 13. a3 b5 14. Nxb5
e5 15. Nxd6+ cxd6 16. d5 Qa5 17. axb4 Qxa4 18. Rxa4 Bb7 19. dxc6 Bxc6 20. 
b5 Bxe4 21. Rxe4 axb5 22. Bg2 Ra1+ 23. Ke2 Ra2 24. Rb4 e4 25. Rxb5 exf3+ 
26. Bxf3 O-O 27. Bd5+ Rf7 28. Rb8# 1-0

[Event "Winter Server Series, S02007"]
[Site "CCLA"]
[Date "2020.02.25"]
[Round "?"]
[White "Acosta, Errol"]
[Black "Sanchez, David A."]
[Result "0-1"]
[WhiteElo "1409"]
[BlackElo "1477"]

1. e4 c6 2. f4 d5 3. exd5 Nf6 4. dxc6 Nxc6 5. Nf3 Bf5 6. Bc4 Qb6 7. d3 e6 
8. Nc3 Ng4 9. Qe2 Bc5 10. Ne4 Be3 11. c3 Bxe4 12. Bxe3 Qxe3 13. Qxe3 Nxe3 
14. dxe4 Nc2+ 15. Kf2 Nxa1 16. Rxa1 O-O-O 17. b4 Rd7 18. Bb3 b5 19. Kg3 
Kc7 20. h3 a5 21. bxa5 Nxa5 22. Kh2 Ra8 23. Bc2 f6 24. Nd4 Kb6 25. Nxe6 
Rc8 26. Bd1 Rxc3 27. Bf3 Rd2 28. Kg3 Nc4 29. Nxg7 Ne3 30. Nf5 Nxg2 31. Rg1
Ne3 32. Nxe3 Rxe3 33. Rc1 Rxa2 34. e5 fxe5 35. fxe5 Rxe5 36. Rc6+ Ka5 37. 
Rc7 Ra3 38. Rxh7 Ree3 39. Ra7+ Kb4 40. Rxa3 Kxa3 41. Kf4 Rxf3+ 42. Kxf3 b4
43. h4 b3 44. h5 b2 45. h6 b1=Q 46. Kg4 Qg6+ 47. Kh4 Qxh6+ 48. Kg4 Qf6 0-1

[Event "Winter Server Series, S02007"]
[Site "CCLA"]
[Date "2020.02.25"]
[Round "?"]
[White "Acosta, Errol"]
[Black "Williams, Rufus H."]
[Result "1-0"]
[WhiteElo "1409"]
[BlackElo "1278"]

1. e4 e6 2. f4 d5 3. e5 c5 4. Nf3 a6 5. c3 Bd7 6. d4 Nc6 7. Bd3 cxd4 8. 
cxd4 Bb4+ 9. Nc3 Nh6 10. O-O O-O 11. Ng5 Nf5 12. Rf3 h6 13. Ne2 hxg5 14. 
fxg5 Nfxd4 15. Nxd4 Nxd4 16. Bh7+ Kh8 17. Qxd4 Kxh7 18. Qxb4 Rh8 19. Be3 
Be8 20. Raf1 g6 21. Qxb7 Rf8 22. Bc5 1-0

[Event "Winter Server Series, S02007"]
[Site "CCLA"]
[Date "2020.02.25"]
[Round "?"]
[White "Acosta, Errol"]
[Black "Jimenez, Jose"]
[Result "1-0"]
[WhiteElo "1409"]
[BlackElo "1140"]

1. e4 e5 2. f4 Nc6 3. Nf3 d6 4. d3 Nf6 5. f5 d5 6. Nc3 d4 7. Ne2 Bb4+ 8. 
Bd2 Qd6 9. c3 Ba5 10. Qb3 Be6 11. c4 Bc8 12. O-O-O Ng4 13. Bxa5 Nf2 14. 
Qb5 a6 15. Qa4 Nxh1 16. Ng3 Nxg3 17. hxg3 O-O 18. Be2 b6 19. Bd2 f6 20. 
Rh1 g6 21. g4 g5 22. Qd1 b5 23. Rh6 Rf7 24. Nxg5 fxg5 25. Rxd6 b4 26. Rxc6
a5 27. Qa4 Bd7 28. Qb5 Rff8 29. Rg6+ hxg6 30. Qxd7 Ra7 31. Qe6+ Kh8 32. 
Qxg6 Rg8 33. Qh6# 1-0

[Event "Winter Server Series, S02007"]
[Site "CCLA"]
[Date "2020.02.25"]
[Round "?"]
[White "Williams, Rufus H."]
[Black "Sanchez, David A."]
[Result "1/2-1/2"]
[WhiteElo "1278"]
[BlackElo "1477"]

1. d4 Nf6 2. c4 d5 3. Nc3 e6 4. Nf3 c6 5. cxd5 cxd5 6. Bf4 a6 7. a4 g6 8. 
e3 Bg7 9. Qc2 O-O 10. Bd3 Nc6 11. Qd1 Bd7 12. O-O Qb6 13. Qb1 Nb4 14. Be2 
Rac8 15. Ne5 Ne4 16. Rd1 Bxe5 17. Bxe5 f6 18. Bf4 Rxc3 19. bxc3 Nxc3 20. 
Qb2 Nxd1 21. Bxd1 a5 22. Bh6 Rc8 23. Be2 Rc2 24. Qb1 Rxe2 25. h3 Qc7 26. 
h4 Qc2 27. Qxc2 Rxc2 28. Bf4 Bxa4 29. Rxa4 Ra2 30. Rxa2 Nxa2 31. Bd6 b5 
32. Kf1 b4 1/2-1/2

[Event "Winter Server Series, S02007"]
[Site "CCLA"]
[Date "2020.02.25"]
[Round "?"]
[White "Williams, Rufus H."]
[Black "Acosta, Errol"]
[Result "0-1"]
[WhiteElo "1278"]
[BlackElo "1409"]

1. d4 e6 2. c4 f5 3. Nf3 Nf6 4. Nc3 Be7 5. Bf4 c6 6. e3 O-O 7. Bd3 d6 8. 
Qc2 Qe8 9. O-O-O Nbd7 10. h3 Nh5 11. Bh2 Nb6 12. g4 fxg4 13. Bxh7+ Kh8 14.
 Bg6 Qd8 15. Bxh5 gxf3 16. Qe4 Bg5 17. Bxf3 Qf6 18. Bxd6 Qxf3 19. Bxf8 
Qxf8 20. Rdf1 Nxc4 21. Rhg1 Nd6 22. Qd3 Bh6 23. Qe2 Nf5 24. Qh5 Bd7 25. 
Kb1 b5 26. e4 Nxd4 27. Rg2 Be8 28. Qg4 Nf3 29. Rd1 a5 30. Qxe6 Bf7 31. 
Qxc6 Rc8 32. Qxb5 Rc4 33. Qxa5 Nd2+ 34. Ka1 Bg8 35. Qa7 Qb4 36. Qa4 Qxc3 
37. Qa3 Qc1+ 0-1

[Event "Winter Server Series, S02007"]
[Site "CCLA"]
[Date "2020.02.25"]
[Round "?"]
[White "Williams, Rufus H."]
[Black "Jimenez, Jose"]
[Result "1-0"]
[WhiteElo "1278"]
[BlackElo "1140"]

1. d4 d5 2. Nf3 e6 3. c4 Nf6 4. Nc3 b6 5. a3 Bd6 6. Bg5 h6 7. Bh4 O-O 8. 
e3 Nc6 9. Qa4 Na5 10. b4 Bd7 11. Qc2 Nxc4 12. Bxc4 dxc4 13. O-O c6 14. h3 
Qc7 15. Ne5 Bc8 16. Qe2 b5 17. Bxf6 gxf6 18. Qg4+ Kh7 19. Ne4 Rg8 20. 
Nxf6+ Kh8 21. Qxg8# 1-0

[Event "Winter Server Series, S02007"]
[Site "CCLA"]
[Date "2020.02.25"]
[Round "?"]
[White "Jimenez, Jose"]
[Black "Sanchez, David A."]
[Result "0-1"]
[WhiteElo "1140"]
[BlackElo "1477"]

1. e4 c6 2. Nf3 d5 3. Bd3 dxe4 4. Bxe4 Nf6 5. d3 Nbd7 6. Nc3 e5 7. O-O Bc5
8. Bg5 O-O 9. Qd2 Qc7 10. d4 exd4 11. Nxd4 Rd8 12. Nf5 Nxe4 13. Nxe4 f6 
14. Bh4 Qe5 15. Nxc5 Qxf5 16. Nd3 Ne5 17. Qf4 Nxd3 18. Qc7 Rd7 19. Qg3 Ne5
20. Rae1 g5 21. Qb3+ Kg7 22. Bg3 b6 23. c4 Re7 24. Qb4 c5 25. Qb5 Bb7 26. 
a4 Rae8 27. a5 Nf3+ 28. gxf3 Qxf3 29. axb6 Qg2# 0-1

[Event "Winter Server Series, S02007"]
[Site "CCLA"]
[Date "2020.02.25"]
[Round "?"]
[White "Jimenez, Jose"]
[Black "Acosta, Errol"]
[Result "0-1"]
[WhiteElo "1140"]
[BlackElo "1409"]

1. e4 e6 2. Nf3 f6 3. Bc4 Ne7 4. Nc3 c6 5. O-O d5 6. d3 dxc4 7. dxc4 Ng6 
8. Qxd8+ Kxd8 9. Rd1+ Kc7 10. Na4 Nd7 11. c5 Nxc5 12. Nxc5 Bxc5 13. c3 Rd8
14. Rxd8 Kxd8 15. b4 Ke7 16. bxc5 b6 17. cxb6 axb6 18. c4 e5 19. a4 Be6 
20. Nd2 Nf4 21. Kf1 Nd3 22. Ba3+ c5 23. Rb1 Rxa4 24. Rb3 b5 25. cxb5 Bxb3 
26. Nb1 Kd7 27. Nd2 Rxa3 28. Nxb3 Rxb3 29. h4 c4 30. g4 Rxb5 31. g5 Rb2 
32. gxf6 Rxf2+ 33. Kg1 Rxf6 34. h5 c3 35. h6 c2 36. hxg7 Rg6+ 37. Kh2 c1=Q
38. g8=Q Qg1+ 39. Kh3 Qg3# 0-1

[Event "Winter Server Series, S02007"]
[Site "CCLA"]
[Date "2020.02.25"]
[Round "?"]
[White "Jimenez, Jose"]
[Black "Williams, Rufus H."]
[Result "0-1"]
[WhiteElo "1140"]
[BlackElo "1278"]

1. e4 e6 2. d4 d5 3. Bd3 c5 4. c3 cxd4 5. cxd4 Nc6 6. e5 Bd7 7. Nf3 Bb4+ 
8. Bd2 Bxd2+ 9. Qxd2 Nh6 10. Qg5 Qxg5 11. Nxg5 Nxd4 12. Kd2 Nhf5 13. Nc3 
a6 14. f4 O-O 15. g4 g6 16. gxf5 exf5 17. h4 h6 18. Nh3 Be6 19. Rhg1 Nf3+ 
20. Ke2 Nxg1+ 21. Nxg1 b5 22. Nf3 Rfd8 23. Nd4 Rac8 24. Rg1 Kh7 25. b4 
Rxc3 26. Kd2 Rdc8 27. a4 R3c7 28. axb5 axb5 29. Nxb5 Re7 30. Nd6 Rb8 31. 
b5 Ra7 32. Rh1 Ra2+ 33. Ke3 Kg7 34. h5 Rb2 35. hxg6 fxg6 36. Rc1 h5 37. 
Rc7+ Kg8 38. Kf3 h4 39. Rc1 Rh2 40. Rb1 Kf8 41. Rg1 Kg7 42. Ke3 Rb2 43. 
Kd4 h3 44. Rg3 Rh8 45. Rg1 h2 46. Rh1 Rg2 47. b6 Rg1 48. Rxh2 Rxh2 49. Kc5
Rc1+ 50. Kb5 Rb2+ 51. Ka6 Ra1+ 52. Kb7 Ra4 53. Ne8+ Kh6 54. Nc7 Rxf4 55. 
Nxe6 Rfb4 56. Kc6 Rxb6+ 57. Kd7 Rb7+ 58. Kd6 R2b6+ 0-1

[Event "Winter Server Series, S02008"]
[Site "CCLA"]
[Date "2020.03.30"]
[Round "?"]
[White "Cangelosi, Dominic"]
[Black "Lines, Daniel"]
[Result "1-0"]
[WhiteElo "1412"]
[BlackElo "1198"]

1. d4 Nf6 2. c4 d5 3. Nc3 e6 4. cxd5 exd5 5. Bg5 Be7 6. Bxf6 Bxf6 7. e3 
Nc6 8. Bb5 a6 9. Bd3 g6 10. Nf3 Bg4 11. O-O Bxf3 12. Qxf3 Qd7 13. Qxf6 Rf8
14. Rae1 Qe7 15. Nxd5 Qxf6 16. Nxf6+ Ke7 17. Ne4 Rae8 18. Rc1 f5 19. Nc5 
Nb4 20. Bc4 b5 21. Bb3 c6 22. a3 Nd5 23. Nxa6 1-0

[Event "Winter Server Series, S02008"]
[Site "CCLA"]
[Date "2020.03.30"]
[Round "?"]
[White "Cangelosi, Dominic"]
[Black "Lyons, Brenda M."]
[Result "1-0"]
[WhiteElo "1412"]
[BlackElo "1204"]

1. d4 d5 2. e4 c6 3. Nc3 e6 4. e5 Bb4 5. Bd2 Bxc3 6. Bxc3 Nh6 7. Bb4 a5 8.
 Bd2 Nf5 9. c3 O-O 10. Nf3 h6 11. Bd3 Ne7 12. Qc2 Nf5 13. O-O-O b6 14. 
Rdg1 Ba6 15. Bxf5 exf5 16. Qxf5 Qd7 17. g4 Qxf5 18. gxf5 Bc8 19. Bxh6 Kh7 
20. Bxg7 Rg8 21. f6 Nd7 22. Rg5 Nf8 23. Nh4 1-0

[Event "Winter Server Series, S02008"]
[Site "CCLA"]
[Date "2020.03.30"]
[Round "?"]
[White "Lines, Daniel"]
[Black "Cangelosi, Dominic"]
[Result "0-1"]
[WhiteElo "1198"]
[BlackElo "1412"]

1. d4 f5 2. Nc3 Nf6 3. Bg5 e6 4. Bxf6 Qxf6 5. Nf3 d5 6. e3 Bd6 7. Ne5 Nd7 
8. Nxd7 Bxd7 9. Bb5 c6 10. Ba4 b5 11. Bb3 a5 12. a3 a4 13. Ba2 b4 14. axb4
Bxb4 15. Qd2 a3 16. b3 O-O 17. O-O c5 18. f4 cxd4 19. exd4 Rac8 20. Qe3 
Bxc3 21. Rad1 Bb2 22. Rd3 Bb5 23. c4 Ba6 24. Qe5 Qxe5 25. fxe5 dxc4 26. 
bxc4 Bxc4 27. Rff3 Bxa2 0-1

[Event "Winter Server Series, S02008"]
[Site "CCLA"]
[Date "2020.03.30"]
[Round "?"]
[White "Lines, Daniel"]
[Black "Lyons, Brenda M."]
[Result "1/2-1/2"]
[WhiteElo "1198"]
[BlackElo "1204"]

1. d4 d5 2. Nc3 a6 3. Nb1 h6 4. c4 e6 5. Nc3 Nf6 6. Nf3 Nc6 7. Ne5 Nxe5 8.
 dxe5 Ne4 9. Nxe4 dxe4 10. Qxd8+ Kxd8 11. e3 Bb4+ 12. Bd2 Bxd2+ 13. Kxd2 
Ke7 1/2-1/2

[Event "Winter Server Series, S02008"]
[Site "CCLA"]
[Date "2020.03.30"]
[Round "?"]
[White "Lyons, Brenda M."]
[Black "Cangelosi, Dominic"]
[Result "0-1"]
[WhiteElo "1204"]
[BlackElo "1412"]

1. e4 c5 2. c4 Nc6 3. a3 g6 4. Nf3 Bg7 5. Bd3 e6 6. Nc3 Nge7 7. O-O Ne5 8.
 Nxe5 Bxe5 9. Bc2 O-O 10. d3 Qc7 11. Bd2 Kg7 12. Qc1 Bxh2+ 13. Kh1 Ng8 14.
 g3 Bxg3 15. fxg3 Qxg3 16. Bf4 Qh4+ 17. Kg2 Qe7 18. Rh1 h5 19. Bd1 h4 20. 
Bg5 f6 21. Bxh4 g5 22. Bg3 a6 23. b4 b6 0-1

[Event "Winter Server Series, S02008"]
[Site "CCLA"]
[Date "2020.03.30"]
[Round "?"]
[White "Lyons, Brenda M."]
[Black "Lines, Daniel"]
[Result "1/2-1/2"]
[WhiteElo "1204"]
[BlackElo "1198"]

1. e4 e5 2. Nf3 Nc6 3. d4 exd4 4. Nxd4 Nf6 5. Nxc6 bxc6 6. Bd3 d5 7. exd5 
cxd5 8. O-O Be7 9. Nc3 O-O 10. Bg5 c6 11. Qf3 Bg4 12. Qg3 Bh5 13. Be2 Bg6 
14. Bxf6 Bxf6 15. Bd3 Bxd3 16. cxd3 Bxc3 17. bxc3 Qb8 18. Qxb8 Raxb8 19. 
d4 Rfe8 20. Rab1 1/2-1/2

[Event "2020 Server North American Class B Finals, S02009"]
[Site "CCLA"]
[Date "2020.10.01"]
[Round "?"]
[White "Laaman, Thomas"]
[Black "Avery, Bryce"]
[Result "1-0"]
[WhiteElo "1757"]
[BlackElo "1662"]

1. e4 e6 2. d4 d5 3. e5 c5 4. c3 Nc6 5. Nf3 Bd7 6. Be2 Nh6 7. Bxh6 gxh6 
8. a3 Qb6 9. b4 cxd4 10. cxd4 Rc8 11. Qd3 Rg8 12. O-O Rg4 13. h3 Rf4 
14. g3 Re4 15. Nc3 Nxd4 16. Nxe4 Nxe2+ 17. Qxe2 dxe4 18. Qxe4 Rc3 19. Nd4 Bg7 
20. Rfc1 Qc7 21. Ne2 Rxc1+ 22. Rxc1 Qxe5 23. Qxe5 Bxe5 24. Nc3 Ke7 25. Kf1 a6
26. Ke2 f5 27. f4 Bf6 28. Kd3 Kd6 29. Rd1 b5 30. Kc2+ Kc7 31. Re1 h5 32. h4 Kd6 
33. Kd3 Bg7 34. Re3 Bf6 35. Ne2 Bg7 36. Ng1 Bf6 37. Nf3 h6 38. Ne5 Be8 39. Kd4 Bd8 
40. Rc3 Bb6+ 41. Kd3 Ba7 42. Rc8 Bd7 43. Rd8 1-0

[Event "2020 Server North American Class B Finals, S02009"]
[Site "CCLA"]
[Date "2020.10.01"]
[Round "?"]
[White "Avery, Bryce"]
[Black "Laaman, Thomas"]
[Result "1-0"]
[WhiteElo "1662"]
[BlackElo "1757"]

1. c4 e6 2. d4 d5 3. Nf3 c5 4. cxd5 exd5 5. Nc3 Nc6 6. dxc5 d4 7. Na4 Bxc5
8. Nxc5 Qa5+ 9. Bd2 Qxc5 10. Rc1 Qb6 11. e3 dxe3 12. Bxe3 Qxb2 13. Bc4 Nge7 
14. O-O O-O 15. Qa4 Bg4 16. Ng5 Qf6 17. Bxf7+ Rxf7 18. Nxf7 Bc8 19. Ng5 h6 
20. Qc4+ Kh8 21. Ne4 Qg6 22. Rfd1 Be6 23. Qc2 Bxa2 24. Qxa2 Qxe4 25. Rd7 Nd8 
26. Rcc7 Nf5 27. Qb2 Ne6 28. Rxb7 Ned4 29. Rxd4 Nxd4 30. h3 Ne6 31. Bxh6 Qg6 
32. Be3 Ng5 33. Bxg5 Qxg5 34. Rb8+ Rxb8 35. Qxb8+ Kh7 36. Qxa7 Qe5 37. Qe3 Qa1+ 
38. Kh2 Qb1 39. f3 Qb8+ 40. f4 Qc7 41. g4 Qc2+ 42. Kg3 Qd1 43. h4 Qd6 44. h5 Qd1 
45. f5 Qd6+ 46. Qf4 Qd3+ 47. Kh4 Qe2 48. f6 Qe1+ 49. Kg5 gxf6+ 50. Kxf6 Qc3+ 
51. Qe5 Qc6+ 52. Kg5 Qh6+ 53. Kh4 Qb6 54. Qe7+ Kh8 55. g5 Qd4+ 56. Kg3 Qg1+ 
57. Kf4 Qh2+ 58. Kg4 Qh1 59. Qf8+ 1-0

[Event "Spring Server Series, S02010"]
[Site "CCLA"]
[Date "2020.05.26"]
[Round "?"]
[White "Ziemak, Ken"]
[Black "Haase, F. Philip"]
[Result "1/2-1/2"]
[WhiteElo "2249"]
[BlackElo "2117"]

1. c4 Nf6 2. g3 e6 3. Bg2 Be7 4. Nf3 O-O 5. O-O d5 6. b3 d4 7. Bb2 c5 8. 
e3 Nc6 9. exd4 cxd4 10. Re1 Re8 11. d3 a5 12. Nbd2 Ra7 13. a3 Bf8 14. Ne5 
Nxe5 15. Rxe5 b6 16. f4 Bc5 17. Bc6 Nd7 18. Re1 Bb7 19. Bxb7 Rxb7 20. Ne4 
Rb8 21. Qf3 h6 22. Re2 b5 23. Rd1 bxc4 24. bxc4 Rb3 25. Qf2 Bf8 26. Bxd4 
Rxa3 {Adjudicated} 1/2-1/2

[Event "Spring Server Series, S02010"]
[Site "CCLA"]
[Date "2020.05.26"]
[Round "?"]
[White "Ziemak, Ken"]
[Black "Sereni, Vincent T."]
[Result "1-0"]
[WhiteElo "2249"]
[BlackElo "2085"]

1. c4 e5 2. g3 Nf6 3. Bg2 Bc5 4. Nc3 Nc6 5. Nf3 d6 6. d3 h6 7. O-O O-O 8. 
a3 a5 9. e3 Bg4 10. h3 Bf5 11. b3 e4 12. Nh4 Bh7 13. dxe4 Nxe4 14. Nxe4 
Bb6 15. Bb2 Re8 16. Nc3 Bc5 17. Kh2 Qd7 18. Qd2 Ne5 19. e4 f6 20. f4 Nf7 
21. Rad1 Rab8 22. Na4 Ba7 23. Qxa5 Ra8 24. Qd5 c6 25. Qd3 Re7 26. Nc3 Rd8 
27. b4 Qc7 28. Bf3 Rde8 29. Bh5 Bb8 30. Bg6 Bxg6 31. Nxg6 Rd7 32. h4 1-0

[Event "Spring Server Series, S02010"]
[Site "CCLA"]
[Date "2020.05.26"]
[Round "?"]
[White "Ziemak, Ken"]
[Black "Ott, Paul B."]
[Result "1-0"]
[WhiteElo "2249"]
[BlackElo "2057"]

1. c4 c6 2. g3 d5 3. Nf3 dxc4 4. Bg2 b5 5. a4 a6 6. axb5 cxb5 7. Nd4 Qxd4 
8. Bxa8 Bf5 9. O-O Nf6 10. d3 cxd3 11. Nc3 e6 12. Be3 Qd7 13. exd3 Be7 14.
 d4 O-O 15. Qf3 h6 16. Rfc1 Bg6 17. Ne4 Nd5 18. Nc5 Bxc5 19. Rxc5 Nb4 20. 
Rc3 Qe7 21. Bf4 Nd7 {Adjudicated} 1-0

[Event "Spring Server Series, S02010"]
[Site "CCLA"]
[Date "2020.05.26"]
[Round "?"]
[White "Haase, F. Philip"]
[Black "Ziemak, Ken"]
[Result "1/2-1/2"]
[WhiteElo "2117"]
[BlackElo "2249"]

1. e4 g6 2. d4 d6 3. c4 Bg7 4. Nc3 Nd7 5. Be2 e5 6. Nf3 Ngf6 7. O-O O-O 8.
 Be3 exd4 9. Nxd4 Nc5 10. f3 a5 11. Qd2 b6 12. Bh6 Bb7 13. Bxg7 Kxg7 14. 
Rae1 Nfd7 15. b3 Ne6 16. Ndb5 Ndc5 17. Bd1 g5 18. Bc2 Rg8 19. Ne2 Kh8 20. 
Nbc3 Nd7 21. Ng3 Ne5 22. Nf5 f6 23. h4 {Adjudicated} 1/2-1/2